Kabale University Library Catalogue

Something New to Sing About Level II : (Record no. 590)

MARC details
000 -LEADER
fixed length control field 00827nam a22002537a 4500
003 - CONTROL NUMBER IDENTIFIER
control field OSt
005 - DATE AND TIME OF LATEST TRANSACTION
control field 20200525100711.0
008 - FIXED-LENGTH DATA ELEMENTS--GENERAL INFORMATION
fixed length control field 200525b ||||| |||| 00| 0 eng d
020 ## - INTERNATIONAL STANDARD BOOK NUMBER
International Standard Book Number 002642113
020 ## - INTERNATIONAL STANDARD BOOK NUMBER
International Standard Book Number 0026421011
020 ## - INTERNATIONAL STANDARD BOOK NUMBER
International Standard Book Number 002642102x
020 ## - INTERNATIONAL STANDARD BOOK NUMBER
International Standard Book Number 0026421038
020 ## - INTERNATIONAL STANDARD BOOK NUMBER
International Standard Book Number 0026421046
020 ## - INTERNATIONAL STANDARD BOOK NUMBER
International Standard Book Number 0026421054
020 ## - INTERNATIONAL STANDARD BOOK NUMBER
International Standard Book Number 0026421119
040 ## - CATALOGING SOURCE
Original cataloging agency KABLIB
Transcribing agency KABLIB
Modifying agency KABLIB
082 ## - DEWEY DECIMAL CLASSIFICATION NUMBER
Edition number 23
Classification number 782.5
Item number SOM
245 ## - TITLE STATEMENT
Title Something New to Sing About Level II :
Remainder of title choral literature for treble ensemble and male ensemble /
Statement of responsibility, etc. Developed by G. Schirmer, Inc., Will Schmid, Project Editor.
260 ## - PUBLICATION, DISTRIBUTION, ETC.
Place of publication, distribution, etc. Mission Hills, California;
Name of publisher, distributor, etc. Glencoe Publishing Co.;
Date of publication, distribution, etc. c1989.
300 ## - PHYSICAL DESCRIPTION
Extent 205 p. :
Other physical details ill. (B&W);
Dimensions 28 cm.
700 ## - ADDED ENTRY--PERSONAL NAME
Personal name Schmid, Will (Project Editor).
9 (RLIN) 2002
710 ## - ADDED ENTRY--CORPORATE NAME
Corporate name or jurisdiction name as entry element G. Schirmer, Inc.
9 (RLIN) 2001
942 ## - ADDED ENTRY ELEMENTS (KOHA)
Source of classification or shelving scheme Dewey Decimal Classification
Koha item type Book
Holdings
Withdrawn status Lost status Source of classification or shelving scheme Damaged status Not for loan Home library Current library Shelving location Date acquired Total Checkouts Full call number Barcode Date last seen Price effective from Koha item type
    Dewey Decimal Classification     Education Library Education Library Reserve Section 25.05.2020   782.5 SOM 2619 25.05.2020 25.05.2020 Book

Kabale University Library | Kabale University P.O Box 317, Kabale, Uganda
Tel : +256754017033, +256774661503 E-mail : library@kab.ac.ug